[Event "Is Bankasi Online Satranc Turn.13-14 Yas"]
[Site "T#645826Mustafa Kemal"]
[Date "2020.05.08"]
[Round "4"]
[White "aktantugolbaev96"]
[Black "Melihguren12"]
[Result "0-1"]
[WhiteElo "1712"]
[BlackElo "1760"]
[Annotator "NA RC"]
[PlyCount "92"]
[EventDate "2020.05.08"]
[EventType "swiss (blitz)"]

1. e4 {[%emt 0:00:06]} c5 {[%emt 0:00:01]} 2. Nc3 {[%emt 0:00:03]} g6 {[%emt 0:00:02]} 3. g3 {[%emt 0:00:03]} Bg7 {[%emt 0:00:01]} 4. Bg2 {[%emt 0:00:02]} Nc6 {[%emt 0:00:01]} 5. d3 {[%emt 0:00:01]} d6 {[%emt 0:00:02]} 6. Be3 {[%emt 0:00:01]} Nf6 {[%emt 0:00:01]} 7. Qd2 {[%emt 0:00:06]} Ng4 {[%emt 0:00:06]} 8. Bf4 {[%emt 0:00:12]} Be6 {[%emt 0:00:21]} 9. h3 {[%emt 0:00:07]} Nf6 {[%emt 0:00:01]} 10. Nf3 {[%emt 0:00:06]} a6 {[%emt 0:00:12]} 11. Ng5 {[%emt 0:00:05]} Bd7 {[%emt 0:00:03]} 12. Nf3 {[%emt 0:00:06]} Rc8 {[%emt 0:00:06]} 13. O-O {[%emt 0:00:06]} O-O {[%emt 0:00:10]} 14. Bh6 {[%emt 0:00:03]} Nh5 {[%emt 0:00:21]} 15. Bxg7 {[%emt 0:00:06]} Kxg7 {[%emt 0:00:03]} 16. g4 {[%emt 0:00:02]} Nf6 {[%emt 0:00:01]} 17. Nd5 {[%emt 0:00:05]} e6 {[%emt 0:00:06]} 18. Ne3 {[%emt 0:00:18]} b5 {[%emt 0:00:35]} 19. a4 {[%emt 0:00:37]} b4 {[%emt 0:00:08]} 20. Nc4 {[%emt 0:00:04]} Be8 {[%emt 0:00:06]} 21. Rae1 {[%emt 0:00:13]} Qc7 {[%emt 0:00:13]} 22. e5 {[%emt 0:00:22]} dxe5 {[%emt 0:00:05]} 23. Nfxe5 {[%emt 0:00:02]} Nd4 {[%emt 0:00:12]} 24. b3 {[%emt 0:00:14]} Nd7 {[%emt 0:00:13]} 25. Nf3 {[%emt 0:00:34]} Nc6 {[%emt 0:00:11]} 26. Ng5 {[%emt 0:00:02]} Nf6 {[%emt 0:00:08]} 27. Ne4 {[%emt 0:00:01]} Nd5 {[%emt 0:00:04]} 28. Qe2 {[%emt 0:00:02]} Nd4 {[%emt 0:00:02]} 29. Qd1 {[%emt 0:00:02]} Nf4 {[%emt 0:00:02]} 30. f3 {[%emt 0:00:03]} f5 {[%emt 0:00:05]} 31. Rf2 {[%emt 0:00:03]} fxe4 {[%emt 0:00:03]} 32. dxe4 {[%emt 0:00:02]} Nxg2 {[%emt 0:00:02]} 33. Kxg2 {[%emt 0:00:02]} Qf4 {[%emt 0:00:02]} 34. Qd3 {[%emt 0:00:02]} Bc6 {[%emt 0:00:03]} 35. Re3 {[%emt 0:00:01]} Rf7 {[%emt 0:00:03]} 36. Na5 {[%emt 0:00:01]} Ba8 {[%emt 0:00:06]} 37. Nc4 {[%emt 0:00:01]} Rcf8 {[%emt 0:00:04]} 38. Nd2 {[%emt 0:00:02]} Qh6 {[%emt 0:00:04]} 39. Rf1 {[%emt 0:00:04]} e5 {[%emt 0:00:01]} 40. Rh1 {[%emt 0:00:02]} Ne6 {[%emt 0:00:01]} 41. Qc4 {[%emt 0:00:02]} Qxe3 {[%emt 0:00:02]} 42. Rf1 {[%emt 0:00:02]} Qxd2+ {[%emt 0:00:01]} 43. Rf2 {[%emt 0:00:01]} Nf4+ {[%emt 0:00:01]} 44. Kg1 {[%emt 0:00:02]} Nxh3+ {[%emt 0:00:04]} 45. Kh2 {[%emt 0:00:03]} Qxf2+ {[%emt 0:00:01]} 46. Kxh3 {[%emt 0:00:00]} Rxf3# {[%emt 0:00:01] (Lag: Av=0.47s, max=2.9s)} 0-1

[Event "Is Bankasi Online Satranc Turn.13-14 Yas"]
[Site "T#645826Mustafa Kemal"]
[Date "2020.05.08"]
[Round "4"]
[White "Mehmetemrebulg50"]
[Black "Doruksezis38"]
[Result "0-1"]
[WhiteElo "1706"]
[BlackElo "1800"]
[Annotator "NA"]
[PlyCount "146"]
[EventDate "2020.05.08"]
[EventType "swiss (blitz)"]

1. e4 {[%emt 0:00:03]} c5 {[%emt 0:00:02]} 2. Nc3 {[%emt 0:00:01]} Nc6 {[%emt 0:00:02]} 3. Bc4 {[%emt 0:00:01]} d6 {[%emt 0:00:01]} 4. d3 {[%emt 0:00:01]} Nf6 {[%emt 0:00:01]} 5. f4 {[%emt 0:00:01]} e6 {[%emt 0:00:18]} 6. Nf3 {[%emt 0:00:02]} Be7 {[%emt 0:00:01]} 7. O-O {[%emt 0:00:02]} d5 {[%emt 0:00:08]} 8. exd5 {[%emt 0:00:04]} exd5 {[%emt 0:00:00]} 9. Bb5 {[%emt 0:00:01]} O-O {[%emt 0:00:02]} 10. Ne5 {[%emt 0:00:06]} Nd4 {[%emt 0:00:38]} 11. Ba4 {[%emt 0:00:36]} a6 {[%emt 0:00:09]} 12. Bb3 {[%emt 0:00:02]} b5 {[%emt 0:00:12]} 13. a4 {[%emt 0:00:05]} b4 {[%emt 0:00:07]} 14. Ne2 {[%emt 0:00:03]} Nxb3 {[%emt 0:00:11]} 15. cxb3 {[%emt 0:00:00]} Bb7 {[%emt 0:00:01]} 16. d4 {[%emt 0:00:03]} Ne4 {[%emt 0:00:09]} 17. Ng3 {[%emt 0:00:14]} Rc8 {[%emt 0:00:10]} 18. Nxe4 {[%emt 0:00:02]} dxe4 {[%emt 0:00:00]} 19. Be3 {[%emt 0:00:08]} cxd4 {[%emt 0:00:08]} 20. Bxd4 {[%emt 0:00:05]} Qd5 {[%emt 0:00:27]} 21. Rf2 {[%emt 0:00:15]} Rfd8 {[%emt 0:00:04]} 22. Rd2 {[%emt 0:00:07]} Bf6 {[%emt 0:00:19]} 23. Qe2 {[%emt 0:00:16]} Bxe5 {[%emt 0:00:16]} 24. fxe5 {[%emt 0:00:01]} Qxb3 {[%emt 0:00:01]} 25. Rad1 {[%emt 0:00:10]} h6 {[%emt 0:00:02]} 26. a5 {[%emt 0:00:11]} Qa4 {[%emt 0:00:04]} 27. Bb6 {[%emt 0:00:02]} Rxd2 {[%emt 0:00:04]} 28. Rxd2 {[%emt 0:00:04]} Rc1+ {[%emt 0:00:04]} 29. Kf2 {[%emt 0:00:02]} Qc6 {[%emt 0:00:07]} 30. Rd6 {[%emt 0:00:15]} Qc2 {[%emt 0:00:06]} 31. Rd7 {[%emt 0:00:12]} Qxe2+ {[%emt 0:00:01]} 32. Kxe2 {[%emt 0:00:01]} Bc6 {[%emt 0:00:02]} 33. Rc7 {[%emt 0:00:05]} g6 {[%emt 0:00:06] '} 34. Ke3 {[%emt 0:00:03]} Rc2 {[%emt 0:00:01]} 35. Kd4 {[%emt 0:00:06]} Ba4 {[%emt 0:00:01]} 36. Rxc2 {[%emt 0:00:02]} Bxc2 {[%emt 0:00:00]} 37. Bc5 {[%emt 0:00:01]} b3 {[%emt 0:00:01]} 38. Bb4 {[%emt 0:00:01]} Kg7 {[%emt 0:00:02]} 39. Be7 {[%emt 0:00:01]} g5 {[%emt 0:00:01]} 40. Bf6+ {[%emt 0:00:02]} Kg6 {[%emt 0:00:01]} 41. g4 {[%emt 0:00:01]} h5 {[%emt 0:00:01]} 42. h3 {[%emt 0:00:02]} hxg4 {[%emt 0:00:01]} 43. hxg4 {[%emt 0:00:01]} Bd3 {[%emt 0:00:01]} 44. Kc3 {[%emt 0:00:04]} Bc2 {[%emt 0:00:03]} 45. Kd2 {[%emt 0:00:03]} Bd3 {[%emt 0:00:03]} 46. Kc3 {[%emt 0:00:06]} Be2 {[%emt 0:00:01]} 47. Kxb3 {[%emt 0:00:03]} e3 {[%emt 0:00:01]} 48. Kc3 {[%emt 0:00:01]} Bxg4 {[%emt 0:00:02]} 49. Kd3 {[%emt 0:00:01]} e2 {[%emt 0:00:01]} 50. Be7 {[%emt 0:00:03]} Kf5 {[%emt 0:00:01]} 51. Bb4 {[%emt 0:00:03]} Bf3 {[%emt 0:00:01]} 52. Ke3 {[%emt 0:00:02]} g4 {[%emt 0:00:02]} 53. Bc3 {[%emt 0:00:05]} Ke6 {[%emt 0:00:01]} 54. Kf2 {[%emt 0:00:02]} Kd5 {[%emt 0:00:02]} 55. Ke3 {[%emt 0:00:02]} Kc6 {[%emt 0:00:02]} 56. Kf2 {[%emt 0:00:01]} Kc5 {[%emt 0:00:01]} 57. Kg3 {[%emt 0:00:02]} Kd5 {[%emt 0:00:02]} 58. Kf2 {[%emt 0:00:01]} Ke4 {[%emt 0:00:01]} 59. Ke1 {[%emt 0:00:01]} Ke3 {[%emt 0:00:02]} 60. Bd2+ {[%emt 0:00:03]} Kd3 {[%emt 0:00:01]} 61. Bc3 {[%emt 0:00:04]} g3 {[%emt 0:00:01]} 62. Bd2 {[%emt 0:00:12]} g2 {[%emt 0:00:01]} 63. Kf2 {[%emt 0:00:04]} Kxd2 {[%emt 0:00:00]} 64. b4 {[%emt 0:00:01]} e1=Q+ {[%emt 0:00:02]} 65. Kxf3 {[%emt 0:00:06]} Qe2+ {[%emt 0:00:01]} 66. Kf4 {[%emt 0:00:00]} g1=Q {[%emt 0:00:02]} 67. Kf5 {[%emt 0:00:01]} Qgg4+ {[%emt 0:00:01]} 68. Kf6 {[%emt 0:00:00]} Qe6+ {[%emt 0:00:01]} 69. Kg5 {[%emt 0:00:01]} Qg2+ {[%emt 0:00:01]} 70. Kf4 {[%emt 0:00:02]} Qeh3 {[%emt 0:00:00]} 71. e6 {[%emt 0:00:04]} Qf2+ {[%emt 0:00:03]} 72. Ke4 {[%emt 0:00:01]} Qd3+ {[%emt 0:00:01]} 73. Ke5 {[%emt 0:00:01]} Qdd4# {[%emt 0:00:00] (Lag: Av=0.93s, max=6.7s)} 0-1

[Event "Is Bankasi Online Satranc Turn.13-14 Yas"]
[Site "T#645826Mustafa Kemal"]
[Date "2020.05.08"]
[Round "4"]
[White "Yagizuckan80"]
[Black "Abdullahmertan32"]
[Result "0-1"]
[WhiteElo "1706"]
[BlackElo "1715"]
[Annotator "NA RC"]
[PlyCount "66"]
[EventDate "2020.05.08"]
[EventType "swiss (blitz)"]

1. e4 {[%emt 0:00:01]} e5 {[%emt 0:00:02]} 2. Nf3 {[%emt 0:00:01]} Nc6 {[%emt 0:00:02]} 3. Bc4 {[%emt 0:00:01]} Nf6 {[%emt 0:00:02]} 4. d3 {[%emt 0:00:01]} Bc5 {[%emt 0:00:02]} 5. Nc3 {[%emt 0:00:02]} d6 {[%emt 0:00:03]} 6. h3 {[%emt 0:00:02]} a5 {[%emt 0:00:05]} 7. O-O {[%emt 0:00:02]} Nd4 {[%emt 0:00:10]} 8. Nxd4 {[%emt 0:00:05]} Bxd4 {[%emt 0:00:05]} 9. Ne2 {[%emt 0:00:03]} Ba7 {[%emt 0:00:07]} 10. Be3 {[%emt 0:00:02]} c6 {[%emt 0:00:04]} 11. Bxa7 {[%emt 0:00:05]} Rxa7 {[%emt 0:00:00]} 12. f4 {[%emt 0:00:02]} exf4 {[%emt 0:00:16]} 13. Nxf4 {[%emt 0:00:09]} b5 {[%emt 0:00:05]} 14. Bb3 {[%emt 0:00:04]} a4 {[%emt 0:00:02]} 15. Bxf7+ {[%emt 0:00:02]} Rxf7 {[%emt 0:00:05]} 16. Qe2 {[%emt 0:00:09]} O-O {[%emt 0:00:03]} 17. d4 {[%emt 0:00:14]} Re7 {[%emt 0:00:15]} 18. e5 {[%emt 0:00:04]} dxe5 {[%emt 0:00:05]} 19. dxe5 {[%emt 0:00:01]} Nd5 {[%emt 0:00:16]} 20. Nxd5 {[%emt 0:00:12]} Rxf1+ {[%emt 0:00:14]} 21. Rxf1 {[%emt 0:00:04]} Qxd5 {[%emt 0:00:02]} 22. Qf2 {[%emt 0:00:02]} Re8 {[%emt 0:00:13]} 23. b3 {[%emt 0:00:17]} axb3 {[%emt 0:00:04]} 24. axb3 {[%emt 0:00:01]} h6 {[%emt 0:00:20]} 25. Qf4 {[%emt 0:00:22]} Qxe5 {[%emt 0:00:05]} 26. Qf7+ {[%emt 0:00:05]} Kh7 {[%emt 0:00:05]} 27. Qf3 {[%emt 0:00:12]} Qe3+ {[%emt 0:00:02]} 28. Qxe3 {[%emt 0:00:03]} Rxe3 {[%emt 0:00:00]} 29. Rf3 {[%emt 0:00:01]} Rxf3 {[%emt 0:00:02]} 30. gxf3 {[%emt 0:00:01]} Bxh3 {[%emt 0:00:00]} 31. Kh2 {[%emt 0:00:01]} Bf5 {[%emt 0:00:02]} 32. Kg3 {[%emt 0:00:01]} Bxc2 {[%emt 0:00:02]} 33. Kf4 {[%emt 0:00:01]} Bxb3 {[%emt 0:00:02] Yagizuckan80 terk eder (Lag: Av=0.91s, max=2.0s)} 0-1

[Event "Is Bankasi Online Satranc Turn.13-14 Yas"]
[Site "T#645826Mustafa Kemal"]
[Date "2020.05.08"]
[Round "4"]
[White "Yasarasiltas66"]
[Black "Egecakir92"]
[Result "0-1"]
[WhiteElo "1689"]
[BlackElo "1711"]
[Annotator "NA RC"]
[PlyCount "104"]
[EventDate "2020.05.08"]
[EventType "swiss (blitz)"]

1. Nf3 {[%emt 0:00:01]} Nf6 {[%emt 0:00:02]} 2. d4 {[%emt 0:00:02]} g6 {[%emt 0:00:02]} 3. c4 {[%emt 0:00:02]} Bg7 {[%emt 0:00:01]} 4. g3 {[%emt 0:00:01]} O-O {[%emt 0:00:03]} 5. Bg2 {[%emt 0:00:01]} d6 {[%emt 0:00:08]} 6. O-O {[%emt 0:00:02]} Nc6 {[%emt 0:00:03]} 7. Nc3 {[%emt 0:00:01]} Bg4 {[%emt 0:00:03]} 8. h3 {[%emt 0:00:03]} Bxf3 {[%emt 0:00:02]} 9. Bxf3 {[%emt 0:00:01]} e5 {[%emt 0:00:04]} 10. dxe5 {[%emt 0:00:10]} Nxe5 {[%emt 0:00:02]} 11. Bxb7 {[%emt 0:00:03]} Rb8 {[%emt 0:00:01]} 12. Bd5 {[%emt 0:00:05]} c6 {[%emt 0:00:14]} 13. Bg2 {[%emt 0:00:05]} Nxc4 {[%emt 0:00:02]} 14. Qc2 {[%emt 0:00:05]} Ne5 {[%emt 0:00:04]} 15. f4 {[%emt 0:00:04]} Qb6+ {[%emt 0:00:10]} 16. Kh1 {[%emt 0:00:06]} Ned7 {[%emt 0:00:12]} 17. Ne4 {[%emt 0:00:31]} Nxe4 {[%emt 0:00:07]} 18. Bxe4 {[%emt 0:00:00]} d5 {[%emt 0:00:01]} 19. Bg2 {[%emt 0:00:06]} Nf6 {[%emt 0:00:08]} 20. Rb1 {[%emt 0:00:11]} Nh5 {[%emt 0:00:16]} 21. Kh2 {[%emt 0:00:08]} Rfe8 {[%emt 0:00:05]} 22. f5 {[%emt 0:00:11]} Qc7 {[%emt 0:00:31]} 23. Bf4 {[%emt 0:00:14]} Nxf4 {[%emt 0:00:03]} 24. Rxf4 {[%emt 0:00:00]} Be5 {[%emt 0:00:10]} 25. Rf3 {[%emt 0:00:10]} Rb4 {[%emt 0:00:25]} 26. fxg6 {[%emt 0:00:07]} fxg6 {[%emt 0:00:03]} 27. a3 {[%emt 0:00:19]} Re4 {[%emt 0:00:03]} 28. Rc1 {[%emt 0:00:13]} Bxg3+ {[%emt 0:00:16]} 29. Kg1 {[%emt 0:00:46]} Rxe2 {[%emt 0:00:04]} 30. Qd3 {[%emt 0:00:07]} Re1+ {[%emt 0:00:02]} 31. Rf1 {[%emt 0:00:02]} Rxc1 {[%emt 0:00:06]} 32. Rxc1 {[%emt 0:00:01]} Qb6+ {[%emt 0:00:03]} 33. Kh1 {[%emt 0:00:02]} Bf4 {[%emt 0:00:02]} 34. Rd1 {[%emt 0:00:04]} Qxb2 {[%emt 0:00:03]} 35. Rf1 {[%emt 0:00:01]} Qe5 {[%emt 0:00:02]} 36. Qf3 {[%emt 0:00:02]} g5 {[%emt 0:00:03]} 37. Qg4 {[%emt 0:00:01]} Qe6 {[%emt 0:00:02]} 38. Qf3 {[%emt 0:00:01]} Qe3 {[%emt 0:00:04]} 39. Qh5 {[%emt 0:00:01]} Qe7 {[%emt 0:00:03]} 40. Qg4 {[%emt 0:00:01]} Qg7 {[%emt 0:00:02]} 41. h4 {[%emt 0:00:02]} Rf8 {[%emt 0:00:01]} 42. hxg5 {[%emt 0:00:01]} Bxg5 {[%emt 0:00:02]} 43. Rxf8+ {[%emt 0:00:02]} Kxf8 {[%emt 0:00:02]} 44. Qc8+ {[%emt 0:00:01]} Kf7 {[%emt 0:00:01]} 45. Qd7+ {[%emt 0:00:03]} Kg6 {[%emt 0:00:01]} 46. Qxc6+ {[%emt 0:00:01]} Qf6 {[%emt 0:00:08]} 47. Qxd5 {[%emt 0:00:04]} Qa1+ {[%emt 0:00:02]} 48. Kh2 {[%emt 0:00:01]} Bf4+ {[%emt 0:00:01]} 49. Kh3 {[%emt 0:00:01]} Qf6 {[%emt 0:00:03]} 50. Qe4+ {[%emt 0:00:02]} Kg7 {[%emt 0:00:01]} 51. Qb7+ {[%emt 0:00:02]} Qf7 {[%emt 0:00:03]} 52. Qe4 {[%emt 0:00:03]} Qh5# {[%emt 0:00:03] (Lag: Av=1.61s, max=3.6s)} 0-1

[Event "Is Bankasi Online Satranc Turn.13-14 Yas"]
[Site "T#645826Mustafa Kemal"]
[Date "2020.05.08"]
[Round "4"]
[White "Efesay24"]
[Black "Alperkusoglu28"]
[Result "1/2-1/2"]
[WhiteElo "1686"]
[BlackElo "1686"]
[Annotator "NA RC"]
[PlyCount "55"]
[EventDate "2020.05.08"]
[EventType "swiss (blitz)"]

1. d4 {[%emt 0:00:02]} d5 {[%emt 0:00:02]} 2. c4 {[%emt 0:00:00]} e6 {[%emt 0:00:04]} 3. Nc3 {[%emt 0:00:01]} Nf6 {[%emt 0:00:04]} 4. Bg5 {[%emt 0:00:01]} c6 {[%emt 0:00:03]} 5. Nf3 {[%emt 0:00:02]} Be7 {[%emt 0:00:03]} 6. e3 {[%emt 0:00:02]} O-O {[%emt 0:00:01]} 7. Bd3 {[%emt 0:00:04]} h6 {[%emt 0:00:02]} 8. Bh4 {[%emt 0:00:07]} Ne8 {[%emt 0:00:07]} 9. Bg3 {[%emt 0:00:05]} f5 {[%emt 0:00:03]} 10. Ne5 {[%emt 0:00:07]} Nf6 {[%emt 0:00:07]} 11. O-O {[%emt 0:00:04]} Nbd7 {[%emt 0:00:03]} 12. Rc1 {[%emt 0:00:08]} g5 {[%emt 0:00:06]} 13. Nxd7 {[%emt 0:00:06]} Bxd7 {[%emt 0:00:10]} 14. cxd5 {[%emt 0:00:03]} exd5 {[%emt 0:00:00]} 15. Na4 {[%emt 0:00:04]} Ne4 {[%emt 0:00:04]} 16. Nc5 {[%emt 0:00:05]} Bxc5 {[%emt 0:00:08]} 17. dxc5 {[%emt 0:00:04]} Qe7 {[%emt 0:00:05]} 18. Bxe4 {[%emt 0:00:05]} Qxe4 {[%emt 0:00:03]} 19. Bd6 {[%emt 0:00:02]} Rf7 {[%emt 0:00:06]} 20. Qc2 {[%emt 0:00:03]} Qg4 {[%emt 0:00:07]} 21. h3 {[%emt 0:00:08]} Qh5 {[%emt 0:00:02]} 22. Qd1 {[%emt 0:00:03]} Qg6 {[%emt 0:00:03]} 23. Qe2 {[%emt 0:00:15]} Re8 {[%emt 0:00:08]} 24. Qd3 {[%emt 0:00:03]} Qh5 {[%emt 0:00:11]} 25. Qd1 {[%emt 0:00:02]} Qg6 {[%emt 0:00:02]} 26. Qd3 {[%emt 0:00:02]} Qh5 {[%emt 0:00:07]} 27. Qd1 {[%emt 0:00:08]} Qg6 {[%emt 0:00:02]} 28. Qd3 {[%emt 0:00:01] (Lag: Av=0.49s, max=0.5s)} 1/2-1/2

[Event "Is Bankasi Online Satranc Turn.13-14 Yas"]
[Site "T#645826Mustafa Kemal"]
[Date "2020.05.08"]
[Round "4"]
[White "Refikefegani36"]
[Black "Faikyigityalci76"]
[Result "1-0"]
[WhiteElo "1686"]
[BlackElo "1661"]
[Annotator "NA RC"]
[PlyCount "37"]
[EventDate "2020.05.08"]
[EventType "swiss (blitz)"]

1. d4 {[%emt 0:00:03]} Nf6 {[%emt 0:00:03]} 2. c4 {[%emt 0:00:02]} g6 {[%emt 0:00:02]} 3. Nc3 {[%emt 0:00:03]} Bg7 {[%emt 0:00:02]} 4. e4 {[%emt 0:00:10]} d6 {[%emt 0:00:02]} 5. h4 {[%emt 0:00:03]} O-O {[%emt 0:00:06]} 6. Be2 {[%emt 0:00:04]} Nbd7 {[%emt 0:00:14]} 7. h5 {[%emt 0:00:03]} h6 {[%emt 0:00:16]} 8. hxg6 {[%emt 0:00:04]} fxg6 {[%emt 0:00:03]} 9. Bxh6 {[%emt 0:00:01]} Bxh6 {[%emt 0:00:01]} 10. Rxh6 {[%emt 0:00:02]} e5 {[%emt 0:00:04]} 11. Rxg6+ {[%emt 0:00:13]} Kf7 {[%emt 0:00:03]} 12. Rh6 {[%emt 0:00:04]} Ke8 {[%emt 0:00:14]} 13. Bh5+ {[%emt 0:00:12]} Ke7 {[%emt 0:00:05]} 14. Rh7+ {[%emt 0:00:45]} Ke6 {[%emt 0:00:18]} 15. d5+ {[%emt 0:00:03]} Nxd5 {[%emt 0:00:07]} 16. cxd5+ {[%emt 0:00:05]} Kf6 {[%emt 0:00:05]} 17. Qg4 {[%emt 0:00:06]} Rg8 {[%emt 0:00:17]} 18. Qh4+ {[%emt 0:00:08]} Rg5 {[%emt 0:00:10]} 19. Rf7# {[%emt 0:00:02] (Lag: Av=0.84s, max=1.7s)} 1-0

[Event "Is Bankasi Online Satranc Turn.13-14 Yas"]
[Site "T#645826Mustafa Kemal"]
[Date "2020.05.08"]
[Round "4"]
[White "Oguzkagankazik74"]
[Black "Dorukcagandemi20"]
[Result "1-0"]
[WhiteElo "1669"]
[BlackElo "1686"]
[Annotator "NA RC"]
[PlyCount "43"]
[EventDate "2020.05.08"]
[EventType "swiss (blitz)"]

1. d4 {[%emt 0:00:03]} Nf6 {[%emt 0:00:03]} 2. Bg5 {[%emt 0:00:03]} d5 {[%emt 0:00:15]} 3. Bxf6 {[%emt 0:00:03]} exf6 {[%emt 0:00:06]} 4. e3 {[%emt 0:00:02]} Bd6 {[%emt 0:00:08]} 5. c4 {[%emt 0:00:05]} dxc4 {[%emt 0:00:10]} 6. Bxc4 {[%emt 0:00:00]} Nd7 {[%emt 0:00:07]} 7. Nc3 {[%emt 0:00:07]} f5 {[%emt 0:00:18]} 8. Nge2 {[%emt 0:00:09]} O-O {[%emt 0:00:09]} 9. O-O {[%emt 0:00:05]} Nf6 {[%emt 0:00:08]} 10. a3 {[%emt 0:00:23]} Bxh2+ {[%emt 0:00:25]} 11. Kxh2 {[%emt 0:00:02]} Ng4+ {[%emt 0:00:10]} 12. Kg3 {[%emt 0:00:22]} Qg5 {[%emt 0:00:16]} 13. f4 {[%emt 0:00:23]} Qg6 {[%emt 0:00:05]} 14. Qb3 {[%emt 0:00:27]} c6 {[%emt 0:00:11]} 15. a4 {[%emt 0:00:07]} Bd7 {[%emt 0:00:14]} 16. a5 {[%emt 0:00:33]} Rae8 {[%emt 0:00:10]} 17. e4 {[%emt 0:00:12]} fxe4 {[%emt 0:00:05]} 18. f5 {[%emt 0:00:18]} Bxf5 {[%emt 0:00:11]} 19. Nf4 {[%emt 0:00:06]} Qg5 {[%emt 0:00:09]} 20. Kh3 {[%emt 0:00:07]} Qh6+ {[%emt 0:00:11]} 21. Nh5 {[%emt 0:00:04]} Qxh5+ {[%emt 0:00:08]} 22. Kg3 {[%emt 0:00:01] Zaman (Lag: Av=0.86s, max=3.3s)} 1-0

[Event "Is Bankasi Online Satranc Turn.13-14 Yas"]
[Site "T#645826Mustafa Kemal"]
[Date "2020.05.08"]
[Round "4"]
[White "Sarpkagankoca32"]
[Black "Nurullahkilic14"]
[Result "0-1"]
[WhiteElo "1664"]
[BlackElo "1655"]
[Annotator "NA RC"]
[PlyCount "70"]
[EventDate "2020.05.08"]
[EventType "swiss (blitz)"]

1. e4 {[%emt 0:00:04]} e5 {[%emt 0:00:03]} 2. f4 {[%emt 0:00:02]} d5 {[%emt 0:00:03]} 3. exd5 {[%emt 0:00:02]} e4 {[%emt 0:00:02]} 4. d3 {[%emt 0:00:11]} Nf6 {[%emt 0:00:12]} 5. dxe4 {[%emt 0:00:31]} Nxe4 {[%emt 0:00:13]} 6. c4 {[%emt 0:01:10]} Bc5 {[%emt 0:00:05]} 7. Qe2 {[%emt 0:00:13]} O-O {[%emt 0:00:02]} 8. Qxe4 {[%emt 0:00:25]} Re8 {[%emt 0:00:02]} 9. Nc3 {[%emt 0:00:03]} Rxe4+ {[%emt 0:00:02]} 10. Nxe4 {[%emt 0:00:00]} Qe7 {[%emt 0:00:02]} 11. Bd3 {[%emt 0:00:08]} f5 {[%emt 0:00:06]} 12. a3 {[%emt 0:00:29]} fxe4 {[%emt 0:00:03]} 13. Be2 {[%emt 0:00:00]} Bf5 {[%emt 0:00:04]} 14. b4 {[%emt 0:00:02]} Bd4 {[%emt 0:00:02]} 15. Rb1 {[%emt 0:00:03]} e3 {[%emt 0:00:01]} 16. Rb3 {[%emt 0:00:01]} c6 {[%emt 0:00:04]} 17. Nf3 {[%emt 0:00:01]} Bf6 {[%emt 0:00:04]} 18. dxc6 {[%emt 0:00:06]} Nxc6 {[%emt 0:00:04]} 19. Rxe3 {[%emt 0:00:00]} Qf7 {[%emt 0:00:05]} 20. O-O {[%emt 0:00:02]} Nd4 {[%emt 0:00:07]} 21. Kh1 {[%emt 0:00:08]} Nxe2 {[%emt 0:00:03]} 22. Rxe2 {[%emt 0:00:01]} Bd3 {[%emt 0:00:01]} 23. Ref2 {[%emt 0:00:02]} Bxf1 {[%emt 0:00:02]} 24. Rxf1 {[%emt 0:00:00]} Qxc4 {[%emt 0:00:06]} 25. Nd2 {[%emt 0:00:05]} Qd3 {[%emt 0:00:04]} 26. Rd1 {[%emt 0:00:02]} Rc8 {[%emt 0:00:03]} 27. h3 {[%emt 0:00:02]} Rxc1 {[%emt 0:00:03]} 28. Rxc1 {[%emt 0:00:00]} Qxd2 {[%emt 0:00:01]} 29. Rc8+ {[%emt 0:00:01]} Kf7 {[%emt 0:00:02]} 30. Rc7+ {[%emt 0:00:00]} Kg6 {[%emt 0:00:02]} 31. Rxb7 {[%emt 0:00:00]} Qxf4 {[%emt 0:00:06]} 32. Rxa7 {[%emt 0:00:03]} Be5 {[%emt 0:00:02]} 33. Ra6+ {[%emt 0:00:03]} Bd6 {[%emt 0:00:03]} 34. Kg1 {[%emt 0:00:02]} Qd4+ {[%emt 0:00:06]} 35. Kh1 {[%emt 0:00:02]} Qd1# {[%emt 0:00:02] (Lag: Av=3.29s, max=24.9s)} 0-1

[Event "Is Bankasi Online Satranc Turn.13-14 Yas"]
[Site "T#645826Mustafa Kemal"]
[Date "2020.05.08"]
[Round "4"]
[White "Mustafaarasdon36"]
[Black "Sinancanaltay20"]
[Result "0-1"]
[WhiteElo "1642"]
[BlackElo "1647"]
[Annotator "NA RC"]
[PlyCount "54"]
[EventDate "2020.05.08"]
[EventType "swiss (blitz)"]

1. e4 {[%emt 0:00:03]} g6 {[%emt 0:00:06]} 2. d4 {[%emt 0:00:08]} Bg7 {[%emt 0:00:02]} 3. Nf3 {[%emt 0:00:04]} d6 {[%emt 0:00:01]} 4. Bf4 {[%emt 0:00:06]} Nd7 {[%emt 0:00:02]} 5. Nc3 {[%emt 0:00:05]} Ngf6 {[%emt 0:00:05]} 6. Bd3 {[%emt 0:00:07]} O-O {[%emt 0:00:02]} 7. Qe2 {[%emt 0:00:03]} Re8 {[%emt 0:00:07]} 8. e5 {[%emt 0:00:09]} dxe5 {[%emt 0:00:03]} 9. dxe5 {[%emt 0:00:01]} Nh5 {[%emt 0:00:07]} 10. Bg5 {[%emt 0:00:08]} Nc5 {[%emt 0:00:11]} 11. g4 {[%emt 0:00:04]} Bxg4 {[%emt 0:00:02]} 12. h3 {[%emt 0:00:05]} Nxd3+ {[%emt 0:00:12]} 13. cxd3 {[%emt 0:00:02]} Bxf3 {[%emt 0:00:05]} 14. Qxf3 {[%emt 0:00:03]} Bxe5 {[%emt 0:00:01]} 15. Bh6 {[%emt 0:00:09]} Bg7 {[%emt 0:00:04]} 16. Bxg7 {[%emt 0:00:02]} Nxg7 {[%emt 0:00:21]} 17. Rd1 {[%emt 0:00:14]} e5 {[%emt 0:00:11]} 18. Ne4 {[%emt 0:00:04]} f5 {[%emt 0:00:11]} 19. Nd2 {[%emt 0:00:15]} Ne6 {[%emt 0:00:10]} 20. Rg1 {[%emt 0:00:12]} Nd4 {[%emt 0:00:03]} 21. Qxb7 {[%emt 0:00:17]} Rb8 {[%emt 0:00:26]} 22. Qxa7 {[%emt 0:00:16]} Rxb2 {[%emt 0:00:05]} 23. Qa3 {[%emt 0:00:10]} Nc2+ {[%emt 0:00:04]} 24. Ke2 {[%emt 0:00:08]} Nxa3 {[%emt 0:00:00]} 25. h4 {[%emt 0:00:05]} e4 {[%emt 0:00:03]} 26. h5 {[%emt 0:00:02]} Qxd3+ {[%emt 0:00:17]} 27. Ke1 {[%emt 0:00:08]} Nc2# {[%emt 0:00:00] (Lag: Av=0.63s, max=1.4s)} 0-1